000 00410nam a2200145Ia 4500
008 231217s9999 xx 000 0 und d
041 _aEnglish
082 _a658.8 ZIK;2
100 _aZikmund, William GD' Amico, Michael
245 0 _aMarketing: Creating and keeping customer in an e-commerce world
250 _a7th ed.
260 _c2001
_bSouth-Western College
300 _axxxiii+689
942 _cAA
999 _c169414
_d169414